Viajeros medievales y sus relatos / (Record no. 169221)

MARC details
000 -LEADER
campo de control de longitud fija 00739nam a22002175i 4500
001 - NÚMERO DE CONTROL
campo de control 169221
003 - IDENTIFICADOR DE NÚMERO DE CONTROL
campo de control ES-MaACL
005 - FECHA Y HORA DE LA ÚLTIMA TRANSACCIÓN
campo de control 20230906214030.0
008 - DATOS DE LONGITUD FIJA--INFORMACIÓN GENERAL
campo de control de longitud fija 080822s2005 rou |||| | spa d
020 ## - NÚMERO INTERNACIONAL ESTÁNDAR DEL LIBRO
Número Internacional Estándar del Libro 973-731-204-X
080 ## - NÚMERO DE LA CLASIFICACIÓN DECIMAL UNIVERSAL
Número de la Clasificación Decimal Universal 82-992.09"04/14"
080 ## - NÚMERO DE LA CLASIFICACIÓN DECIMAL UNIVERSAL
Número de la Clasificación Decimal Universal 910.4(100)"04/14"
100 1# - ENTRADA PRINCIPAL--NOMBRE DE PERSONA
Nombre de persona Popeanga, Eugenia.
9 (RLIN) 138300
245 10 - MENCIÓN DEL TÍTULO
Título Viajeros medievales y sus relatos /
Mención de responsabilidad, etc. Eugenia Popeanga.
260 ## - PUBLICACIÓN, DISTRIBUCIÓN, ETC.
Lugar de publicación, distribución, etc. Bucuresti :
Nombre del editor, distribuidor, etc. Cartea Universitara,
Fecha de publicación, distribución, etc. 2005.
300 ## - DESCRIPCIÓN FÍSICA
Extensión 190 p. ;
Dimensiones 21 cm.
500 ## - NOTA GENERAL
Nota general Selección de artículos y trabajos distribuidos en diversas publicaciones.
650 14 - PUNTO DE ACCESO ADICIONAL DE MATERIA--TÉRMINO DE MATERIA
Término de materia o nombre geográfico como elemento de entrada Literatura de viajes medieval-
Subdivisión general Historia y crítica.
9 (RLIN) 138301
650 #4 - PUNTO DE ACCESO ADICIONAL DE MATERIA--TÉRMINO DE MATERIA
Término de materia o nombre geográfico como elemento de entrada Viajes-
Subdivisión cronológica S.V-XV.
9 (RLIN) 138302
852 ## - LOCALIZACIÓN
Ubicación ES-MaACL
Número de control de estantería L-29636
itemnumber R.143200
Holdings
Estatus retirado Estado de pérdida Estado de daño No para préstamo Biblioteca de origen Biblioteca actual Ubicación en estantería Fecha de adquisición Fuente de adquisición Total de préstamos Signatura topográfica completa Código de barras Visto por última vez Precio de reemplazo Tipo de ítem Koha
        Biblioteca del Ateneo de Madrid Biblioteca del Ateneo de Madrid Depósito 2 22/08/2008     L-29636 1177665 23/02/2023 23/02/2023 Libro impreso